| 000 | 00827nam a22002777a 4500 | ||
|---|---|---|---|
| 999 |
_c1904 _d1904 |
||
| 003 | AR-CdUCM | ||
| 008 | 190228b ||||| |||| 00| 0 spa d | ||
| 020 | _a8449964156 | ||
| 040 |
_aMUNICIPALIDAD PROVINCIAL DEL CUSCO _cBIBLIOTECA MUNICIPAL DEL CUSCO |
||
| 041 | _heng | ||
| 082 |
_a8569.56 / _bQ19 |
||
| 100 |
_aQuasimodo, Salvatore _96961 |
||
| 245 |
_aY Enseguida Anoche y otras Noches / _cQuasimodo, Salvatore |
||
| 260 |
_aMadrid : _bHyspanoamerica, _c1960. |
||
| 300 |
_a155 paginas ; _c20cm |
||
| 440 |
_aPremios Nobel _n11 _96962 |
||
| 500 | _aPremios Nobel | ||
| 650 |
_aNovela _95 |
||
| 650 |
_aPoesias _95433 |
||
| 650 |
_aLiteratura _983 |
||
| 650 |
_aHyspanoamerica _96963 |
||
| 700 |
_aQuasimodo, Salvatore _96961 |
||
| 700 |
_aFrabetti, Carlo _96938 |
||
| 942 |
_2ddc _cLIBROS |
||
| 945 |
_apjha _d2019-02-28 |
||